000 00602cas a22001935a 4500
001 L138859
008 070717d19941994xxkmr p 0 a0eng u
035 _a(Sirsi) u138859
041 0 _aeng
245 0 0 _aBuilding Economist
260 _aLondon
_bBuilder Group
_c1994
362 0 _aJanuary-November 1994
520 _aDistributed as a supplement to Building. Succeeds Chartered Quantity Surveyor, however is no longer published by the RICS.
554 _a12 per year
651 4 _aUnited Kingdom
_y
690 _aQuantity surveying
_96263
780 0 0 _tChartered Quantity Surveyor
942 _n0
999 _c119047
_d119047